Architects' Drawings - A selection of Sketches by world Famous Architects through History (Record no. 4341)
[ view plain ]
| 000 -LEADER | |
|---|---|
| fixed length control field | 00327nam a2200109Ia 4500 |
| 008 - FIXED-LENGTH DATA ELEMENTS--GENERAL INFORMATION | |
| fixed length control field | 200302s9999 xx 000 0 und d |
| 100 ## - MAIN ENTRY--PERSONAL NAME | |
| Personal name | Kendra Schank Smith |
| 245 ## - TITLE STATEMENT | |
| Title | Architects' Drawings - A selection of Sketches by world Famous Architects through History |
| 260 ## - PUBLICATION, DISTRIBUTION, ETC. | |
| Name of publisher, distributor, etc. | Architectural Press |
| 260 ## - PUBLICATION, DISTRIBUTION, ETC. | |
| Date of publication, distribution, etc. | 2016 |
| 300 ## - PHYSICAL DESCRIPTION | |
| Extent | 270 P |
| Withdrawn status | Lost status | Damaged status | Not for loan | Permanent Location | Current Location | Date acquired | Cost, normal purchase price | Full call number | Barcode | Date last seen | Price effective from | Koha item type |
|---|---|---|---|---|---|---|---|---|---|---|---|---|
| BMS College of Architecture, Design and Planning | BMS College of Architecture, Design and Planning | 2020-03-03 | 2133.00 | 704.944 | CL-UG69332 | 2020-03-03 | 2020-03-03 | UG Books from CL |